Landscape architects.

Saved in:
Bibliographic Details
Corporate Author: Science Research Associates.
Format: Book
Language:English
Published: Chicago, Ill. : Science Research Associates, 1966.
Series:SRA occupational briefs on America's major job fields ; no. 187
Subjects:
Tags: Add Tag
No Tags, Be the first to tag this record!
LEADER 00539nam a22001697u 4500
001 000000173-2
005 20020606090541.3
008 821202|1966 ||||||| |||| |0||||eng|d
035 0 |a ocm81920495 
245 0 0 |a Landscape architects. 
260 0 |a Chicago, Ill. :  |b Science Research Associates,  |c 1966. 
300 |a [4] p. :  |b ill. ;  |c 28 cm. 
490 0 |a SRA occupational briefs on America's major job fields ;  |v no. 187 
650 0 |a Landscape architecture  |x Vocational guidance. 
710 2 |a Science Research Associates. 
988 |a 20020608 
906 |0 MH